[Event "22nd TCh-SLO 2012"]
[Site "Slovenia SLO"]
[Date "2012.12.02"]
[Round "6"]
[White "Soln,P"]
[Black "Horvath,Ta1"]
[Result "1-0"]
[WhiteElo "2382"]
[BlackElo "2390"]

1.d4 Nf6 2.c4 e6 3.Nf3 Bb4+ 4.Bd2 Qe7 5.g3 Nc6 6.Bg2 Bxd2+ 7.Nbxd2 d6 8.O-O a5
9.e4 e5 10.d5 Nb8 11.Ne1 h5 12.Nef3 Na6 13.Qa4+ Kf8 14.Qxa5 h4 15.Rfe1 hxg3
16.fxg3 g6 17.b4 Rb8 18.Rac1 c5 19.b5 Nc7 20.Qc3 Kg7 21.a4 Rh5 22.a5 Bd7
23.Ra1 Rbh8 24.Nf1 Bc8 25.Ra2 Bg4 26.a6 b6 27.Nh4 Bd7 28.Bf3 R5h7 29.Ne3 Kf8
30.Rf2 Ke8 31.Ref1 Kd8 32.Qd3 Kc8 33.Qe2 Kb8 34.Bg2 Nh5 35.Qf3 Qg5 36.Nc2 Ka7
37.Qe3 Qe7 38.Nf3 Rg7 39.Qg5 f6 40.Qc1 f5 41.Nfe1 f4 42.gxf4 Nxf4 43.Rxf4 exf4
44.Qxf4 Ne8 45.Ne3 Rgh7 46.Ng4 Qg7 47.Nf3 Rf8 48.Qg3 Qc3 49.e5 Qxc4 50.Ne3 Qc3
51.Ng5 Rhh8 52.Nf7 Bxb5 53.Nxh8 Bxf1 54.Nxg6 Bxg2 55.Nxf8 Be4 56.exd6 Nxd6
57.Qxd6 Qxe3+ 58.Kf1 Qf3+ 59.Ke1 Qe3+ 60.Kf1 Qd3+ 61.Ke1 Qxd5 62.Qc7+ Kxa6
63.Nd7 Qb7 64.Qd6 Bf5 65.Nxc5+  1-0

[Event "FSIM December 2012"]
[Site "Budapest HUN"]
[Date "2012.12.06"]
[Round "5.4"]
[White "Kahn,E"]
[Black "Kantor,G"]
[Result "1/2-1/2"]
[WhiteElo "2255"]
[BlackElo "2306"]

1.d4 Nf6 2.c4 e6 3.Nf3 Bb4+ 4.Bd2 c5 5.a3 Bxd2+ 6.Qxd2 cxd4 7.Qxd4 Nc6 8.Qd2 O-O
9.e3 b6 10.Be2 Bb7 11.O-O Rc8 12.b4 a5 13.b5 Ne7 14.Nc3 Bxf3 15.gxf3 Qc7
16.Ne4 Nxe4 17.fxe4 d6 18.Rfd1 Rfd8 19.Rac1 Qc5 20.Qd4 e5 21.Qxc5 dxc5 22.Bg4 Rb8
23.Bd7 Kf8 24.Rc2 Ng8 25.Rcd2 Nf6 26.Bc6 Rxd2 27.Rxd2 Ke7 28.f3 Rd8 29.Rxd8 Kxd8
30.Kf2 Ne8 31.Bd5 Nd6 32.Kg3 Ke7 33.Kg4  1/2-1/2

[Event "4th London Classic Open"]
[Site "London ENG"]
[Date "2012.12.07"]
[Round "7"]
[White "Josse,Mar"]
[Black "Grant,J"]
[Result "1/2-1/2"]
[WhiteElo "2142"]
[BlackElo "2217"]

1.d4 Nf6 2.c4 e6 3.Nf3 Bb4+ 4.Bd2 Qe7 5.g3 Nc6 6.Nc3 d6 7.Bg2 O-O 8.O-O Bd7
9.Qc2 Ba5 10.a3 Bb6 11.e3 a5 12.Na4 e5 13.d5 Nb8 14.Nxb6 cxb6 15.b4 Rc8 16.Qb3 Na6
17.Rfc1 a4 18.Qa2 Rc7 19.Ne1 b5 20.e4 Rac8 21.cxb5 Bxb5 22.Qb2 h6 23.f3 Qd8
24.Be3 Nd7 25.Bf1 Bxf1 26.Kxf1 Rxc1 27.Rxc1 Rxc1 28.Qxc1 Qc7 29.Nd3 Kf8 30.Nb2 b5
31.Qxc7 Nxc7 32.Nd1 Ke7 33.Ke2 f5 34.Nc3 fxe4 35.fxe4 g5 36.Kf3 Kf6 37.h3 Kg6
38.Bf2 Kh5 39.Be3 Kg6  1/2-1/2

[Event "22nd TCh-SLO 2012"]
[Site "Slovenia SLO"]
[Date "2012.12.07"]
[Round "7"]
[White "Markus,Rob"]
[Black "Tratar,M"]
[Result "1/2-1/2"]
[WhiteElo "2619"]
[BlackElo "2516"]

1.d4 Nf6 2.c4 e6 3.Nf3 Bb4+ 4.Bd2 c5 5.Bxb4 cxb4 6.g3 b6 7.Bg2 Bb7 8.O-O O-O
9.a3 bxa3 10.Rxa3 d6 11.Nc3 a5 12.b3 Na6 13.Ra1 Nb4 14.Qd2 Ne4 15.Nxe4 Bxe4
16.Ne1 Bxg2 17.Kxg2 Qc7 18.Nd3 Nxd3 19.Qxd3 Rfc8 20.Rfc1 Qb7+ 21.Qf3 Qxf3+
22.Kxf3 Kf8 23.Ke3 Ke7 24.Kd3 Kd7 25.h4 h5 26.e3 g6 27.Rc2 Kc6 28.Rca2 Rab8
29.Ra4 Kd7 30.b4 Rxc4 31.Kxc4 b5+  1/2-1/2

[Event "4th Penang Heritage City Open"]
[Site "Penang MAS"]
[Date "2012.12.11"]
[Round "1.7"]
[White "Tan,Li Ting"]
[Black "Mas,H"]
[Result "0-1"]
[WhiteElo "1861"]
[BlackElo "2355"]

1.d4 Nf6 2.c4 e6 3.Nf3 Bb4+ 4.Bd2 Qe7 5.e3 O-O 6.Bd3 Bxd2+ 7.Nbxd2 d6 8.O-O e5
9.e4 a5 10.Re1 Na6 11.d5 Nh5 12.Bf1 Nf4 13.Nb1 f5 14.Nc3 Nc5 15.Qd2 Qf6 16.b3 fxe4
17.Nxe4 Nxe4 18.Rxe4 Bg4 19.Ne1 b6 20.Rc1 Rf7 21.Re3 Raf8 22.f3 Bf5 23.Bd3 Qh6
24.Bxf5 Rxf5 25.Nd3 Nxg2 26.Re2 Qxd2 27.Rxd2 Nh4 28.Ne1 Rxf3 29.Ng2 Nf5 30.Rb2 Nd4
31.Rd1 g5  0-1

[Event "XXII Elgoibar Masters"]
[Site "Elgoibar ESP"]
[Date "2012.12.12"]
[Round "2.3"]
[White "Cruz,Cr"]
[Black "Moskalenko,V1"]
[Result "1/2-1/2"]
[WhiteElo "2496"]
[BlackElo "2532"]

1.d4 Nf6 2.c4 e6 3.Nf3 Bb4+ 4.Bd2 Qe7 5.g3 Nc6 6.Nc3 Bxc3 7.Bxc3 Ne4 8.Qc2 Nxc3
9.Qxc3 O-O 10.Bg2 d6 11.O-O e5 12.d5 Nb8 13.e4 a5 14.Ne1 Nd7 15.Nd3 b6 16.b3 Nc5
17.a3 Nxd3 18.Qxd3 Bd7 19.Qc3 f5 20.exf5 Bxf5 21.Rae1  1/2-1/2

[Event "III ITT JAHV McGREGOR"]
[Site "Bogota COL"]
[Date "2012.12.14"]
[Round "5.30"]
[White "Ruiz,Al"]
[Black "Nieto,G"]
[Result "0-1"]
[WhiteElo "2168"]
[BlackElo "1920"]

1.d4 Nf6 2.c4 e6 3.Nf3 Bb4+ 4.Bd2 Qe7 5.a3 Bxd2+ 6.Qxd2 O-O 7.Qc2 d6 8.g3 e5
9.Bg2 Bg4 10.O-O Nbd7 11.dxe5 dxe5 12.Nc3 c6 13.Rad1 Rad8 14.b4 Nb6 15.Nb1 Bxf3
16.Bxf3 e4 17.Bg2 e3 18.f3 Rxd1 19.Rxd1 Rd8 20.Rxd8+ Qxd8 21.Qd3 Qd7 22.Nc3 Nxc4
23.Qxc4 Qd2 24.Qd3 Qe1+  0-1

[Event "Norberto La Porta Open A"]
[Site "Buenos Aires ARG"]
[Date "2012.12.15"]
[Round "1"]
[White "Amil Meilan,H"]
[Black "Slipak,S"]
[Result "1/2-1/2"]
[WhiteElo "2131"]
[BlackElo "2444"]

1.d4 Nf6 2.c4 e6 3.Nf3 Bb4+ 4.Bd2 Qe7 5.Nc3 O-O 6.a3 Bxc3 7.Bxc3 b6 8.g3 Ba6
9.e3 d5 10.b3 Nbd7 11.cxd5 Bxf1 12.Bb4 Nc5 13.Kxf1 a5 14.dxc5 axb4 15.axb4 exd5
16.Rxa8 Rxa8 17.Qd4 Ne4 18.cxb6 cxb6 19.Kg2 Ra2 20.Rf1 Qe6 21.Qe5 h6 22.h4 Qxe5
23.Nxe5 Rb2 24.Nc6 Kf8 25.Nd4 Ke7 26.Kg1 h5 27.Nf5+ Kf6 28.Nd4 Ke5 29.f4+ Kd6
30.Nf5+ Kc6 31.Rd1 g6 32.Ne7+ Kb7 33.Rxd5 Rxb3 34.Rd7+ Ka6 35.Nd5 Kb5 36.Rxf7 Rd3
37.Re7 Nxg3 38.Re5 Nf5 39.Ne7+ Kxb4 40.Nxf5 gxf5 41.Kf2 Rd2+ 42.Kf3 Rh2 43.Rxf5 Rxh4
44.Rg5 Rh1 45.f5 h4 46.Rg4+ Kc5 47.Ke4 h3 48.Rh4 h2 49.Ke5 Re1  1/2-1/2

[Event "ch-IRI 2012"]
[Site "Zahedan IRI"]
[Date "2012.12.15"]
[Round "11.3"]
[White "Ghaem Maghami,E"]
[Black "Toufighi,H"]
[Result "1/2-1/2"]
[WhiteElo "2572"]
[BlackElo "2440"]

1.Nf3 Nf6 2.c4 e6 3.d4 Bb4+ 4.Bd2 c5 5.Bxb4 cxb4 6.g3 b6 7.Bg2 Bb7 8.O-O O-O
9.Qd3 d6 10.Nbd2 Nbd7 11.Qb3 a5 12.a3 bxa3 13.bxa3 Qc7 14.Rfc1 Rfc8 15.Qb2 Rab8
16.Nf1 Be4 17.N1d2 Ba8 18.Rab1 Qa7 19.Ne1 Bxg2 20.Nxg2 Qa8 21.Ne3 g6 22.Rc2 Rc7
23.a4 Rbc8 24.Qa3 d5 25.Rbc1 dxc4 26.Ndxc4 Nd5 27.Nxd5 exd5 28.Ne3 Rxc2 29.Rxc2 Rxc2
30.Nxc2 Qc6 31.Qb3 Nf6 32.Ne3 h5 33.Kg2 Qe6 34.f3 Kg7 35.Kf2 Qd6 36.h4 Qc6
37.Ng2 Qd6 38.Nf4 Qc6 39.Qa3 Qd7 40.Nd3 Qh3 41.Nf4 Qd7 42.Ke1 Qc6 43.Qe7 Kg8
44.Kf1 Qc1+ 45.Kf2 Qc6 46.Qe5 Kf8 47.Kg2 Kg8 48.Kf1 Qc1+ 49.Kf2 Qc6 50.Qe7 Kg7
51.Kg2 Kg8 52.Nd3 Nd7 53.g4 hxg4 54.fxg4 b5 55.axb5 Qc8 56.h5 gxh5 57.gxh5 a4
58.h6 Nf8 59.b6 Qg4+ 60.Kh2 Qh5+ 61.Kg1 Qg6+ 62.Kf1  1/2-1/2

[Event "15th Padova Open 2012"]
[Site "Padova ITA"]
[Date "2012.12.19"]
[Round "5.10"]
[White "Efimov,Ig"]
[Black "Manca,F"]
[Result "1/2-1/2"]
[WhiteElo "2413"]
[BlackElo "2433"]

1.d4 Nf6 2.Nf3 e6 3.c4 Bb4+ 4.Bd2 c5 5.Bxb4 cxb4 6.g3 O-O 7.Bg2 d6 8.O-O a5
9.Ne1 Na6 10.Nd2 Qc7 11.Nc2  1/2-1/2

[Event "23rd Metropolitan GM"]
[Site "Los Angeles USA"]
[Date "2012.12.20"]
[Round "3"]
[White "Chibukhchian,A"]
[Black "Amanov,Z"]
[Result "1/2-1/2"]
[WhiteElo "2448"]
[BlackElo "2359"]

1.d4 Nf6 2.c4 e6 3.Nf3 Bb4+ 4.Bd2 c5 5.Bxb4 cxb4 6.g3 b6 7.Bg2 Bb7 8.O-O O-O
9.a3 bxa3 10.Nxa3 a5 11.Nb5 d6 12.Nd2 Bxg2 13.Kxg2 d5 14.f3 Nc6 15.e4 dxe4
16.Nxe4 Nb4 17.Qe2 Ne8 18.Rfd1 Nc7 19.Nbc3 Re8 20.Rd2 Qd7 21.b3 Rac8 22.Rad1 f5
23.Nf2 b5 24.Nxb5 Nxb5 25.cxb5 Nd5 26.Ra1 Rc3 27.Nd3 Qxb5 28.Nc5 Qc6 29.Rd3 Rxd3
30.Qxd3 e5 31.Re1 exd4 32.Rxe8+ Qxe8 33.Qc4 Qc6 34.Qxd4 f4 35.Kf2 fxg3+ 36.hxg3 h6
37.Qc4 Kh8 38.Qd4 Nb4 39.Kg2 Qb6 40.Qc4 Qc6  1/2-1/2

[Event "5th Marseille Open"]
[Site "Marseille FRA"]
[Date "2012.12.26"]
[Round "2.8"]
[White "Goettelmann,G"]
[Black "Riff,JN"]
[Result "1-0"]
[WhiteElo "2030"]
[BlackElo "2480"]

1.d4 Nf6 2.Nf3 e6 3.c4 Bb4+ 4.Bd2 a5 5.g3 d6 6.Bg2 Nbd7 7.O-O e5 8.dxe5 dxe5
9.Bc3 Qe7 10.Qc2 O-O 11.e4 b6 12.Nbd2 Bb7 13.Rfe1 Bc5 14.h3 Ne8 15.Nb3 Bb4
16.Rad1 Nd6 17.Bxb4 axb4 18.c5 bxc5 19.Nxc5 Nxc5 20.Qxc5 Rxa2 21.Nxe5 Rxb2
22.Nd3 Rb3 23.e5 Bxg2 24.exd6 Qf6 25.Kxg2 cxd6 26.Qc4 Qc3 27.Qxc3 bxc3 28.Nc1 Rb6
29.Rd3 Rc6 30.Ree3 Rfc8 31.Kf1 g6 32.Ke2 Kg7 33.Kd1 c2+ 34.Kd2 d5 35.Rxd5 Rf6
36.f3 h5 37.h4 Rc4 38.Rdd3 Rf5 39.f4 Rc7 40.Rc3 Rd7+ 41.Kxc2 f6 42.Nd3 Ra7
43.Nc5 Kf7 44.Ne4 Rfa5 45.Rb3 Ra2+ 46.Rb2 R2a4 47.Nd6+ Kg7 48.Rb7+ Rxb7 49.Nxb7 g5
50.Nc5 Ra2+ 51.Kb3 Rg2 52.fxg5 fxg5 53.Ne6+ Kg6 54.hxg5 Rf2 55.Kc4 Kf5 56.Kd5 Rd2+
57.Nd4+ Kxg5 58.Ke4 Kg4 59.Nf3 Ra2 60.Ne5+ Kg5 61.Kf3 h4 62.g4 Rc2 63.Nf7+ Kf6
64.Nd6 h3 65.Kg3 h2 66.Re1 Re2 67.Rh1 Kg5 68.Kf3 Ra2 69.Ne4+ Kh4 70.Nf2 Kg5
71.Rxh2 Ra3+ 72.Kg2 Kf4 73.Rh3 Ra2 74.Rf3+ Kg5 75.Kg3 Kg6 76.Kh4 Ra6 77.g5 Ra4+
78.Ng4 Ra1 79.Ne5+ Kg7 80.Rf7+ Kg8 81.Rb7 Re1 82.Nf3 Rh1+ 83.Kg4 Ra1 84.g6 Ra5
85.Ng5 Ra6 86.Kf5  1-0

[Event "36th Zurich Christmas Open"]
[Site "Zuerich SUI"]
[Date "2012.12.27"]
[Round "3.24"]
[White "Leutwyler,M"]
[Black "Knoedler,D"]
[Result "0-1"]
[WhiteElo "2179"]
[BlackElo "2342"]

1.d4 e6 2.c4 Nf6 3.Nf3 Bb4+ 4.Bd2 c5 5.g3 Qb6 6.e3 Nc6 7.Bg2 Bxd2+ 8.Qxd2 Ne4
9.dxc5 Nxd2 10.cxb6 Nxc4 11.bxa7 Nxb2 12.Nc3 Rxa7 13.O-O Nc4 14.Rfc1 Na3
15.Bf1 Ra5 16.Nd2 Ke7 17.Nb3 Ra7 18.Nb5 Nxb5 19.Bxb5 Ra3 20.Rc4 Na7 21.Rb4 Rd8
22.Nc1 d5 23.Rab1 Rd6 24.Bf1 Rc6 25.R4b2 Kd6 26.Nd3 Rcc3 27.Rd1 Nc6 28.Nf4 g5
29.Ne2 Rc5 30.Nc1 Kc7 31.Nb3 Rc3 32.Bb5 Bd7 33.Kf1 Bc8 34.Ke2 Na7 35.Bd3 h6
36.f4 Kd6 37.fxg5 hxg5 38.h4 e5 39.Kd2 Rc7 40.hxg5 Ra4 41.Ke1 Rg4 42.Kf2 Nc6
43.Rbd2 Ne7 44.Rh1 Rxg5 45.Rh6+ Be6 46.Be4 Rc4 47.Bf3 b6 48.Rb2 Nf5 49.Rh8 Rc3
50.Nd2 Nxe3 51.Nb1 Rd3 52.Rxb6+ Ke7 53.a4 Nc4 54.Rb7+ Kd6 55.Be2 Rdxg3 56.Bxc4 dxc4
57.a5 Rg2+ 58.Kf1 Rg1+  0-1

[Event "Czech Christmas Open"]
[Site "Litomysl CZE"]
[Date "2012.12.28"]
[Round "3.28"]
[White "Schaffer,Ondrej"]
[Black "Csefalvay,S"]
[Result "1-0"]
[WhiteElo "1748"]
[BlackElo "1912"]

1.d4 Nf6 2.c4 e6 3.Nf3 Bb4+ 4.Bd2 c5 5.Bxb4 cxb4 6.e3 b6 7.Bd3 Bb7 8.Nbd2 O-O
9.O-O d5 10.Rc1 a5 11.cxd5 exd5 12.Ne5 Qd6 13.Qa4 Nfd7 14.Nxd7 Nxd7 15.Bb5 Nf6
16.Bc6 Qe7 17.Rc2 Rac8 18.Rfc1 Ba6 19.Bb5 Bb7 20.Nf3 Rxc2 21.Qxc2 Rb8 22.Ne5 g6
23.Qc7 Qxc7 24.Rxc7 Ba8 25.Nxf7 Rf8 26.Nh6+ Kh8 27.g4 Ne4 28.f4 Nd6 29.Bd3 Rc8
30.Nf7+ Kg8 31.Rxc8+ Nxc8 32.Ne5 Nd6 33.Nd7 b5 34.Nf6+ Kg7 35.Nd7 Nc4 36.Bxc4 dxc4
37.Kf2 a4 38.Nc5 c3 39.b3 Be4 40.Ke2 Bb1 41.bxa4 Bxa2 42.axb5 Bc4+ 43.Kd1 Bxb5
44.Kc2 Bc4 45.e4 Kf7 46.Nd7 Ba2 47.Ne5+ Ke6 48.Nc6 Bd5 49.exd5+ Kxd5 50.Nxb4+ Kxd4
51.Nd3 h6 52.h4 Ke4 53.Kxc3  1-0

[Event "5th Marseille Open"]
[Site "Marseille FRA"]
[Date "2012.12.28"]
[Round "5.9"]
[White "Pruvot,L"]
[Black "Petrossian,A"]
[Result "0-1"]
[WhiteElo "2170"]
[BlackElo "2418"]

1.d4 Nf6 2.c4 e6 3.Nf3 Bb4+ 4.Bd2 Qe7 5.g3 Bxd2+ 6.Qxd2 d5 7.Bg2 Nc6 8.O-O O-O
9.Ne5 Nxe5 10.dxe5 Nd7 11.cxd5 Nxe5 12.Nc3 exd5 13.Nxd5 Qd6 14.Rfd1 c6 15.Nf4 Qxd2
16.Rxd2 Ng6 17.Nd3 Rd8 18.Rad1 Kf8 19.Nc5 Rxd2 20.Rxd2 Ke7 21.f4 Rb8 22.Kf2 f6
23.Be4 b6 24.Na4 Bd7 25.h4 Be8 26.h5 Nf8 27.g4 h6 28.Kf3 Ne6 29.e3 c5 30.Nc3 Nc7
31.Ne2 Nb5 32.Ng3 Nd6 33.Bd5 Bd7 34.e4 Rd8 35.Rg2 Bc8 36.Nf5+ Nxf5 37.gxf5 Kf8
38.Kg4 a5 39.Be6 Bb7 40.Re2 Rd4 41.Kf3 c4 42.Re3 b5 43.b3 Rd3 44.Rxd3 cxd3
45.Ke3 Bxe4  0-1

[Event "XXIII Krakow Open"]
[Site "Krakow POL"]
[Date "2012.12.29"]
[Round "4.6"]
[White "Moranda,W"]
[Black "Mishuchkov,N"]
[Result "1-0"]
[WhiteElo "2559"]
[BlackElo "2394"]

1.d4 Nf6 2.c4 e6 3.Nf3 Bb4+ 4.Bd2 Qe7 5.g3 Nc6 6.Nc3 O-O 7.Bg2 Na5 8.b3 b6
9.O-O Bb7 10.Re1 Ne4 11.Nxe4 Bxe4 12.Bxb4 Qxb4 13.Ne5 Bxg2 14.Kxg2 Nc6 15.Nf3 Na5
16.Qd3 h6 17.e4 c6 18.Rac1 Rad8 19.c5 d6 20.cxd6 Qxd6 21.Qc3 Rc8 22.b4 Nb7
23.Ne5 Rc7 24.Red1 Rfc8 25.Rd2 Qe7 26.Rdc2 f6 27.Nf3 Nd6 28.Qe3 e5 29.dxe5 fxe5
30.Qc3 Nf7 31.Nh4 Kh7 32.Nf5 Qe6 33.Qb3 Qxb3 34.axb3 g6 35.Ne3 Nd8 36.Ra2 Rb8
37.Nc4 Nf7 38.Rd1 Kg7 39.f4 Re8 40.f5 gxf5 41.exf5 Kf6 42.Rad2 Kxf5 43.Rd6 b5
44.Rf1+ Kg5 45.h4+ Kh5 46.Rf5+ Ng5 47.Ne3  1-0

[Event "XXIII Krakow Open"]
[Site "Krakow POL"]
[Date "2013.01.03"]
[Round "8.3"]
[White "Moranda,W"]
[Black "Jedynak,R"]
[Result "1/2-1/2"]
[WhiteElo "2559"]
[BlackElo "2475"]

1.d4 e6 2.Nf3 Nf6 3.c4 Bb4+ 4.Bd2 a5 5.g3 d5 6.Qc2 Nc6 7.a3 Bxd2+ 8.Nbxd2 O-O
9.Bg2 Ne7 10.O-O c6 11.b4 axb4 12.axb4 Rxa1 13.Rxa1 dxc4 14.Qxc4 Ned5 15.Ne5 Bd7
16.Nb3 Qb8 17.Nc5 Rd8 18.Qb3 Be8 19.Nc4 Nc7 20.e3 Nb5 21.Qb2 Nd5 22.Bf1 Nd6
23.Nxd6 Rxd6 24.Ra3 Rd8 25.Qa1 b6 26.Nd3 Qd6 27.Ra8 Rxa8 28.Qxa8 Kf8 29.Bg2 f6
30.Be4 Ke7 31.Bxh7 Nxb4 32.Qa7+ Bd7 33.Qxb6 Nxd3 34.Bxd3 e5 35.Bc4 exd4 36.exd4 Be6
37.Qa7+ Qd7 38.Qa3+ Kf7 39.Qb3 Bxc4 40.Qxc4+ Qe6 41.Qc3 Qe4 42.Qe3 Qc2 43.h4 Qa4
44.Qe4 Qc4 45.h5 Kf8 46.Kg2 Qc3 47.Kh3 Qc4 48.Kg4 Kf7 49.f3 Kf8 50.Qf4 Qd5
51.Qb8+ Kf7 52.Qa7+ Kg8 53.Qc5 Qd7+ 54.Kh4 Qe6 55.Qc1 Qd5 56.Qe3 Kf7 57.Qf4 Kg8
58.Qg4 Kf7 59.Kh3 Kf8 60.Qc8+ Kf7 61.Qb7+ Kg8 62.Qb8+ Kh7 63.Qb1+ Kg8 64.Qg6 Qxf3
65.Qe8+  1/2-1/2

[Event "XXIII Krakow Open"]
[Site "Krakow POL"]
[Date "2013.01.04"]
[Round "9.2"]
[White "Jedynak,R"]
[Black "Hansen,TR"]
[Result "1/2-1/2"]
[WhiteElo "2475"]
[BlackElo "2444"]

1.d4 Nf6 2.c4 e6 3.Nf3 Bb4+ 4.Bd2 Qe7 5.g3 Nc6 6.Nc3 Bxc3 7.Bxc3 Ne4 8.Rc1 O-O
9.d5 Nxc3 10.Rxc3 Nd8 11.Bg2 d6 12.O-O e5 13.c5 dxc5 14.Qc2 e4 15.Nd2 f5
16.Rxc5 c6 17.Rd1 Bd7 18.Nf1 b6 19.Rc3 c5 20.f3 Nf7 21.fxe4 Nd6 22.exf5 Bxf5
23.e4 Bxe4 24.Qe2 Rae8 25.Re3 Qe5 26.Bxe4 Nxe4 27.d6 Re6 28.d7 Rd8 29.Re1 Qd4
30.Kg2 Nxg3 31.Nxg3 Rxe3 32.Qxe3 Qxd7 33.Qe4 h6 34.Re2 Rf8 35.Qe6+ Qxe6 36.Rxe6 Rd8
37.Ne4 Kf7 38.Rc6 Rd4 39.Kf3 Rd3+ 40.Kf4 Rh3 41.Nf2 g5+ 42.Kg4 Rxh2 43.Kf3 Rh4
44.Rc7+ Ke6 45.Rxa7 Kd5 46.Rb7 Kc6 47.Rg7 Kb5 48.Rg6 Rb4 49.Nd3 Ra4 50.a3 Rh4
51.Ne5 Ka5 52.Ke3 b5 53.b3 Rh3+ 54.Kd2 c4 55.Nc6+ Kb6 56.b4 Kb7 57.Kc2 Rxa3
58.Nd4 Ra4 59.Kc3 Ra3+ 60.Kc2 Ra4 61.Rxh6 Rxb4 62.Rg6 Ra4 63.Nxb5 Ra2+ 64.Kc3 Rg2
65.Nd6+ Kc7 66.Kxc4 g4 67.Ne4 g3 68.Kd4 Rg1 69.Nxg3 Kd7 70.Ke4 Kc7 71.Kf4 Kd7
72.Ra6 Kc7 73.Ne4 Kb7 74.Rh6 Kc7 75.Ke5 Re1 76.Rh2 Kc6 77.Rd2 Rh1 78.Rc2+ Kb6
79.Nf6 Kb5 80.Re2 Kc6 81.Rc2+ Kb5 82.Ne4 Kb6 83.Kd5 Rh5+ 84.Kd4 Rh4 85.Rc1 Kb5
86.Rg1 Kc6 87.Rg6+ Kb5 88.Rf6 Rg4 89.Kd5 Rh4 90.Rf5 Rh1 91.Kd4+ Kc6 92.Rf6+ Kc7
93.Nc3 Kd7 94.Rg6 Rf1 95.Ke5 Re1+ 96.Kd5 Kc7 97.Nb5+ Kb7 98.Nd6+ Kc7 99.Rg7+ Kd8
100.Nc4 Rh1 101.Ne5 Kc8 102.Kc5 Rc1+ 103.Kd6 Rd1+ 104.Ke6 Re1 105.Rh7 Re2
106.Kd6 Rd2+ 107.Kc5 Rc2+ 108.Nc4 Rc1 109.Kb5 Kd8 110.Kc5 Kc8 111.Kd5 Kd8
112.Ra7 Rh1 113.Kc6 Rc1 114.Kd6 Rxc4 115.Ra8+ Rc8 116.Rxc8+ Kxc8  1/2-1/2

[Event "XLII Rilton Cup"]
[Site "Stockholm SWE"]
[Date "2013.01.05"]
[Round "9.4"]
[White "Volodin,Alek"]
[Black "Sipila,V"]
[Result "1/2-1/2"]
[WhiteElo "2506"]
[BlackElo "2425"]

1.d4 Nf6 2.c4 e6 3.Nf3 Bb4+ 4.Bd2 Qe7 5.g3 Nc6 6.Nc3 O-O 7.Bg2 Na5 8.b3 b6
9.O-O Bb7 10.Qc2 Rac8 11.Rfe1 c5 12.dxc5 Bxc5 13.e4 Ng4 14.Nd1 Nc6 15.Bc3 f6
16.Qd2 f5 17.h3 fxe4 18.Rxe4 Nf6 19.Re2 d5 20.cxd5 Nxd5 21.Bb2 Rcd8 22.Qg5 Nf6
23.Ne3 h6 24.Qg6 Qe8 25.Qxe8 Rfxe8 26.Nc4 Ba6 27.Rae1 Nb4 28.Nfe5 Nd3 29.Nxd3 Rxd3
30.Kh2 Bxc4 31.bxc4 Bb4 32.Rc1 Kf7 33.Rcc2 Rc8 34.Bf1 Rd1 35.Bg2 Bc5 36.Bf3 Rd3
37.Kg2 Bd4 38.Bc1 e5 39.h4 Re8 40.Bb7 Rd8 41.Ba6 Rd1 42.Ba3 Nd7 43.Bb7 Nc5
44.Bd5+ Kf6 45.Rcd2 Rxd2 46.Rxd2 Ke7 47.Re2 Kf6 48.Kh3 Na4 49.f4 Nc3 50.fxe5+ Bxe5
51.Rf2+ Kg6 52.Be6 Bf6 53.Bf5+ Kf7 54.g4 Rd4 55.Bc2 Ke8 56.c5 b5 57.c6 b4
58.Bf5 Kd8 59.Bc1 Rd6 60.c7+ Kxc7 61.Bf4 Kc6 62.Bxd6 Kxd6 63.Bg6 a5 64.Bf7 a4
65.Rf4 b3 66.axb3 a3 67.b4 Nd5 68.Rf5 Be5 69.Rf2 Nxb4 70.Bb3 Bf6 71.Rg2 Bd4
72.g5 hxg5 73.hxg5 Ke5 74.Kg4 Ke4 75.Kh5 Kf3 76.Rh2 Be5 77.Rh3+ Kf2 78.Rh4 a2
79.Bxa2 Nxa2 80.Re4 Bc3 81.Rc4 Ke3 82.Kg6 Be5 83.Kf5 Bd4 84.Kg6 Nc3 85.Rxd4 Kxd4
86.Kxg7 Nd5 87.Kf7 Nf4 88.g6 Nxg6 89.Kxg6  1/2-1/2

[Event "11th Parsvnath Open"]
[Site "New Delhi IND"]
[Date "2013.01.06"]
[Round "3.3"]
[White "Narayanan,SL"]
[Black "Ashwin,J"]
[Result "1/2-1/2"]
[WhiteElo "2397"]
[BlackElo "2460"]

1.d4 Nf6 2.c4 e6 3.Nf3 Bb4+ 4.Bd2 a5 5.g3 b6 6.Bg2 Bb7 7.O-O O-O 8.Bf4 Be7
9.Nc3 Ne4 10.Nb5 Na6 11.d5 c6 12.dxc6 dxc6 13.Nbd4 c5 14.Nb5 f6 15.Nd2 Nxd2
16.Bxb7 Nxf1 17.Bxa8 Qxd1 18.Rxd1 Rxa8 19.Kxf1 Rd8 20.Ke1 Kf8 21.Nc7 Rxd1+
22.Kxd1 g5 23.Nxa6 gxf4 24.Nc7 fxg3 25.hxg3 Kf7 26.e4 Bd8 27.Nb5 Kg6 28.Ke2 Kg5
29.Kf3 h6 30.Kg2 h5 31.Kh3 f5 32.f4+ Kg6 33.e5 Kf7 34.Na7 Kg7 35.Nc6 Bc7
36.Kh4 Kg6 37.Kh3 Kg7 38.Kg2 Kf7 39.a3 Ke8 40.Na7 Kd7 41.Nb5 Bd8 42.Kh3 Be7
43.Nc3 Bd8 44.b3 Ke8 45.Nb5 Be7 46.Nc3 Bd8 47.Ne2 Kf7 48.Ng1 Kg7 49.Nf3 Kg6
50.Kg2 Be7 51.Kf2 Kf7 52.Ke3 Ke8 53.a4  1/2-1/2

[Event "11th Parsvnath Open"]
[Site "New Delhi IND"]
[Date "2013.01.06"]
[Round "3.2"]
[White "Lalith,B"]
[Black "Kuderinov,K"]
[Result "1/2-1/2"]
[WhiteElo "2541"]
[BlackElo "2433"]

1.d4 Nf6 2.c4 e6 3.Nf3 Bb4+ 4.Bd2 Bxd2+ 5.Nbxd2 O-O 6.g3 d6 7.Bg2 Nc6 8.e4 e5
9.d5 Nb4 10.O-O a5 11.c5 Na6 12.cxd6 cxd6 13.Qe2 Bd7 14.Rfc1 Rc8 15.Nc4 Bb5
16.Nfd2 Rc5 17.Nb3 Rxc4 18.Rxc4 Nd7 19.Qc2 Bxc4 20.Qxc4 Ndc5 21.Qb5 a4 22.Na5 f5
23.exf5 Qf6 24.Nc4 Qxf5 25.Rf1 Qf6 26.b4 axb3 27.axb3 Qe7 28.b4 Nb3 29.Qb6 Rd8
30.Rb1 Nd4 31.Na5 Rd7 32.Nc6 Qf6 33.Nxd4 exd4 34.Rc1 g5 35.Bh3 Rf7 36.f4 Kg7
37.Be6 Re7 38.Qxd6 d3 39.Rd1 Nc7 40.Rxd3 Nxe6 41.dxe6 Rxe6 42.Qc7+ Re7 43.Qc3 Qxc3
44.Rxc3 gxf4 45.gxf4 Re4 46.Rc7+ Kg6 47.Rxb7 Rxf4 48.b5 Rb4 49.b6 Rb2 50.h3 h6
51.Kf1 Kh5 52.Rb8 Kh4 53.b7 Kxh3 54.Rh8 Rxb7 55.Rxh6+  1/2-1/2

[Event "Paul Keres Mem Prelim"]
[Site "Tallinn EST"]
[Date "2013.01.11"]
[Round "3.3"]
[White "Malisauskas,V"]
[Black "Remmel,A"]
[Result "1-0"]
[WhiteElo "2450"]
[BlackElo "2268"]

1.d4 Nf6 2.c4 e6 3.Nf3 Bb4+ 4.Bd2 a5 5.g3 b6 6.Bg2 Bb7 7.O-O O-O 8.Nc3 d6
9.d5 Bxc3 10.Bxc3 exd5 11.Nh4 Nbd7 12.cxd5 Re8 13.Re1 Nc5 14.Nf5 Bc8 15.Nd4 Nce4
16.Qc2 Bb7 17.Rac1 Bxd5 18.Nf5 Nxc3 19.Qxc3 Bxg2 20.Kxg2 Rc8 21.Qc6 Qd7 22.Nd4 Re5
23.Qxd7 Nxd7 24.Nc6 Re6 25.Na7 Rce8 26.Rxc7 Nc5 27.e3 R6e7 28.Rxe7 Rxe7 29.Nb5 Rd7
30.Rd1 Nb7 31.a3 Kf8 32.b4 Re7 33.Rc1 Re5 34.Nd4 Nd8 35.Rc8 Ke7 36.Rb8 axb4
37.axb4 Rd5 38.Rxb6 Ne6 39.Rb7+ Kf6 40.Rb5 Rxb5 41.Nxb5 Ke5 42.Nc3 d5 43.f4+ Kd6
44.Kf3 Kc6 45.Ke2 f5 46.Kd3 g6 47.Ne2 Kd6 48.Nd4 Nc7 49.Nf3  1-0

[Event "Paul Keres Mem Prelim"]
[Site "Tallinn EST"]
[Date "2013.01.12"]
[Round "7.4"]
[White "Lapidus,M"]
[Black "Shkapenko,P"]
[Result "1-0"]
[WhiteElo "2215"]
[BlackElo "2407"]

1.d4 Nf6 2.c4 e6 3.Nf3 Bb4+ 4.Bd2 Qe7 5.Nc3 Bxc3 6.Bxc3 Ne4 7.Qc2 Nxc3 8.Qxc3 O-O
9.e3 d6 10.Bd3 Re8 11.O-O e5 12.dxe5 dxe5 13.Nd2 Nd7 14.Qc2 Nf6 15.Ne4 Nxe4
16.Bxe4 g6 17.Rfd1 f5 18.Bd5+ Kg7 19.Qc3 Qf6 20.c5 e4 21.Rd4 a5 22.Bxb7 Be6
23.Bxa8 Rxa8 24.Rad1 Kh6 25.a3 Qe5 26.R4d3 Qxc3 27.Rxc3 Rb8 28.Rd2 Kg5 29.Kf1 Kf6
30.c6 a4 31.Ke1 Ke7 32.Kd1 Rb5 33.Kc1 Ra5 34.Rd4 Bd5 35.Rb4 Kd6 36.Rb8 Bxc6
37.Rd8+ Bd7 38.Rc2 Ke7 39.Rh8 Be6 40.Rxh7+ Kf6 41.Rhxc7 Bb3 42.R2c6+ Kg5
43.Rg7 Kh5 44.Rgxg6 Bf7 45.Rgf6 Be8 46.Rh6+ Kg5 47.h4+ Kg4 48.Rc7 Bh5 49.Rg7+ Kxh4
50.Rgh7 f4 51.exf4 Rd5 52.Rxh5+  1-0

[Event "TCh-CZE Div1 Vychod 2012-13"]
[Site "Czech Republic CZE"]
[Date "2013.01.13"]
[Round "5.1"]
[White "Cvek,R"]
[Black "Polak,T"]
[Result "1-0"]
[WhiteElo "2540"]
[BlackElo "2522"]

1.Nf3 Nf6 2.c4 e6 3.d4 Bb4+ 4.Bd2 a5 5.g3 b6 6.Bg2 Bb7 7.O-O O-O 8.Bg5 Be7
9.Nc3 Ne4 10.Bxe7 Qxe7 11.Qc2 Nxc3 12.Qxc3 d6 13.Rae1 Nd7 14.Nh4 Bxg2 15.Nxg2 Nf6
16.e4 e5 17.f3 exd4 18.Qxd4 Rfe8 19.Ne3 Qe5 20.Qxe5 Rxe5 21.Nd5 Nxd5 22.cxd5 Rae8
23.Kf2 f5 24.exf5 Kf8 25.Rxe5 Rxe5 26.Rd1 Rxf5 27.f4 Ke7 28.Ke3 c5 29.dxc6 Rc5
30.Rd3 Rxc6 31.Rc3 Rxc3+ 32.bxc3 Ke6 33.Ke4 d5+ 34.Kd4 h5 35.h3 g6 36.g4 hxg4
37.hxg4 Kd6 38.c4 dxc4 39.Kxc4 Kc6 40.a4  1-0

[Event "PSC Cup 2013"]
[Site "Manila PHI"]
[Date "2013.01.15"]
[Round "3.16"]
[White "Abelgas,Roe"]
[Black "Torre,E"]
[Result "1/2-1/2"]
[WhiteElo "2170"]
[BlackElo "2485"]

1.d4 Nf6 2.c4 e6 3.Nf3 Bb4+ 4.Bd2 Qe7 5.Nc3 O-O 6.Qc2 d5 7.e3 b6 8.cxd5 exd5
9.a3 Bxc3 10.Bxc3 Nbd7 11.Be2 Bb7 12.O-O Rfe8 13.b4 c6 14.b5 c5 15.dxc5 bxc5
16.Rfe1 a6 17.a4 axb5 18.Bxb5 Rec8 19.Bd3 Qd6 20.Qd1 Re8 21.Bc2 Ne4 22.Bb2 Rab8
23.Rb1 Ba6 24.Ba1 Rxb1 25.Bxb1 Qc6 26.Ba2 Bb7 27.Bb3 h6 28.h3 Nf8 29.Bc2 Ng6
30.Qb1 Re6 31.Qb2 f6 32.Rb1 Re7 33.Qb6 Nf8 34.a5 Qc8 35.Bd3 c4 36.Bc2 Ne6
37.Nd4 N6c5 38.Bxe4 Nxe4 39.Rc1 Kf7 40.f3 Nc5 41.Nf5 Qxf5 42.Qxc5  1/2-1/2

[Event "5th Chennai Open 2013"]
[Site "Chennai IND"]
[Date "2013.01.18"]
[Round "5"]
[White "Ramnathan,B"]
[Black "Eashwar,M"]
[Result "1-0"]
[WhiteElo "2260"]
[BlackElo "1929"]

1.d4 Nf6 2.Nf3 e6 3.c4 Bb4+ 4.Bd2 Qe7 5.a3 Bxd2+ 6.Nbxd2 d5 7.g3 b6 8.Bg2 Bb7
9.O-O O-O 10.Rc1 Na6 11.Ne5 c5 12.dxc5 bxc5 13.Qc2 d4 14.Bxb7 Qxb7 15.Rb1 Nd7
16.Nxd7 Qxd7 17.Nf3 f6 18.b4 e5 19.b5 Nc7 20.a4 Qd6 21.Qe4 Rae8 22.a5 f5
23.Qb7 e4 24.Nd2 Rf7 25.Nb3 Ne6 26.Qd5 Qf8 27.b6 f4 28.b7 f3 29.exf3 Rf5
30.Qc6 Ng5 31.Nd2  1-0

[Event "5th Chennai Open 2013"]
[Site "Chennai IND"]
[Date "2013.01.18"]
[Round "5"]
[White "Lalith,B"]
[Black "Narayanan,SL"]
[Result "1-0"]
[WhiteElo "2541"]
[BlackElo "2397"]

1.d4 Nf6 2.c4 e6 3.Nf3 Bb4+ 4.Bd2 a5 5.g3 d6 6.Bg2 Nbd7 7.O-O e5 8.Be3 O-O
9.a3 exd4 10.Bxd4 Bc5 11.Nc3 Bxd4 12.Qxd4 Nc5 13.Rad1 Re8 14.Rfe1 Bf5 15.Qf4 Bc2
16.Rc1 Be4 17.Nd4 Bxg2 18.Kxg2 Nfe4 19.Nd5 Ng5 20.Rcd1 Nge6 21.Qf3 a4 22.Nf5 Nd7
23.Qc3 Ra6 24.e4 Rc6 25.e5 Qg5 26.exd6 cxd6 27.Nd4 Rcc8 28.Nb5 Rc6 29.Nb4 Rb6
30.Nxd6 Nf4+ 31.Kf1 Rxe1+ 32.Qxe1 Ne6 33.Nc8 Qg4 34.Nxb6 Ne5 35.Rd8+ Nxd8
36.Qxe5  1-0